000 00542nam a2200181Ia 4500
008 240925s9999 xx 000 0 und d
020 _a8176560685
082 _a005.7585 BAY
100 _aBayross, Ivan
245 0 _aCommercial Application Development using Oracle Developer 2000: forms 5.0
250 _aNA
260 _aIndiana:
_bPearson Education
_c,1999.
300 _ax,662p.
_bNA
_fOriginal
500 _aIncludes Index
600 _aEngineering Technology
650 _aComputer science, information & general works
942 _cBK
999 _c7618
_d7618